50 municípios mais populosos de Sergipe - Statistics

Estatísticas Gerais
  • Esse quiz foi jogado 44 vezes
  • A pontuação média é 30 de 50
Estatísticas das Respostas
# População Letra Cidade % Correto
1 602.757 A Aracaju
100%
4 101.579 L Lagarto
97%
3 103.439 I Itabaiana
94%
2 192.330 N Nossa Senhora do Socorro
94%
5 95.612 S São Cristóvão
91%
6 65.078 E Estância
88%
7 50.905 T Tobias Barreto
81%
9 41.511 B Barra dos Coqueiros
78%
11 40.678 I Itabaianinha
78%
10 41.202 N Nossa Senhora da Glória
72%
16 26.618 P Propriá
69%
8 42.578 S Simão Dias
69%
21 23.917 U Umbaúba
69%
14 31.645 C Capela
66%
20 23.975 L Laranjeiras
66%
13 33.439 P Poço Redondo
66%
22 21.794 P Poço Verde
63%
28 18.081 A Areia Branca
59%
19 24.638 B Boquim
59%
25 19.939 C Carira
59%
12 34.411 I Itaporanga d'Ajuda
59%
15 26.834 C Canindé de São Francisco
56%
35 14.530 F Frei Paulo
56%
32 16.426 N Neópolis
56%
18 24.996 N Nossa Senhora das Dores
56%
17 26.576 P Porto da Folha
56%
30 17.033 R Ribeirópolis
56%
24 20.131 A Aquidabã
53%
27 18.149 C Campo do Brito
53%
29 17.100 C Cristinápolis
53%
31 16.549 I Indiaroba
53%
33 16.209 J Japaratuba
53%
34 15.719 M Maruim
53%
26 18.313 R Riachão do Dantas
53%
23 20.279 S Salgado
53%
42 11.533 M Malhador
50%
41 12.012 T Tomar do Geru
50%
37 13.853 C Carmópolis
47%
43 11.096 G Gararu
47%
45 11.050 M Moita Bonita
47%
40 12.502 P Pacatuba
47%
46 10.327 S São Domingos
47%
47 10.318 A Arauá
44%
49 9.232 N Nossa Senhora Aparecida
38%
50 8.321 I Ilha das Flores
34%
48 9.295 R Rosário do Catete
34%
38 13.616 S Santa Luzia do Itanhy
34%
39 13.407 J Japoatã
31%
36 14.336 M Monte Alegre de Sergipe
31%
44 11.092 S Santo Amaro das Brotas
31%
Nenhum quiz correspondente encontrado
Distribuição das Pontuações
Porcentagem de Pessoas com Cada Pontuação
Percentil de Números Respondidos
Sua Pontuação Histórica
Você não jogou esse quiz